Music Quiz

Random Music or Lyrics Quiz

I'll Be Watching You Quiz Stats

 Plays Quiz Updated Dec 16, 2012

Challenge
Share
Tweet
Embed
Score 0/22 Timer 04:00
0 Plays Today
Word Missing lyric % Correct
Everybreath
95.2%
youtake
95.2%
youtake
95.2%
Everymove
93.9%
youmake
93.5%
Everystep
76.2%
-day
63.4%
Everysingle
61.5%
youbreak
60.8%
youbreak
60.8%
youfake
48.1%
Word Missing lyric % Correct
Everysmile
45.1%
Everyword
41.9%
yousay
41.6%
Everyvow
35.6%
Everybond
32.3%
youstake
31.3%
Everynight
29.9%
youplay
28.7%
Everygame
28.3%
Everyclaim
26.7%
youstay
25.1%

You're not logged in!

Compare scores with friends on all Sporcle quizzes.
Join for Free
OR
Log In

You Might Also Like...

Show Comments

Extras

Top Quizzes Today


Score Distribution

Your Account Isn't Verified!

In order to create a playlist on Sporcle, you need to verify the email address you used during registration. Go to your Sporcle Settings to finish the process.

Report this User

Report this user for behavior that violates our Community Guidelines.

Details: